Mengekalkan daya ingatan

Bibliographic Details
Main Author: Noraini Ahmad
Format: Book
Published: Kuala Lumpur : Berita Publishing , 1993
Series:Library has 5 copies
Subjects:

MARC

LEADER 00000cam a2200000 7i4500
001 0000004366
002 000004692
005 20000330.0
020 |a 9679693147 
090 0 0 |a 153.14   |b NOR 
100 0 |a Noraini Ahmad 
245 1 0 |a Mengekalkan daya ingatan   |c Noraini Ahmad 
260 |a Kuala Lumpur :   |b Berita Publishing ,   |c 1993 
300 |a 72p. ;   |c 22cm. 
490 0 |a Library has 5 copies 
650 0 0 |a Memory 
650 0 0 |a Mnemonics 
999 |a 032956   |b BUKU   |c PINJAMAN   |e PERPUSTAKAAN KOMUNITI PETALING JAYA 
999 |a 032957   |b BUKU   |c PINJAMAN   |e PERPUSTAKAAN KOMUNITI PETALING JAYA 
999 |a 032958   |b BUKU   |c PINJAMAN   |e PERPUSTAKAAN KOMUNITI PETALING JAYA 
999 |a 032959   |b BUKU   |c PINJAMAN   |e PERPUSTAKAAN KOMUNITI PETALING JAYA 
999 |a 032960   |b BUKU   |c PINJAMAN   |e PERPUSTAKAAN KOMUNITI PETALING JAYA